Statistics for Portraits of the United States - Map Quiz

Click here to take the quiz!

General Stats

  • This quiz has been taken 527 times
  • The average score is 5 of 9

Answers on the Map

Answers color-coded by a green-red scale on the quiz's map according to % correct below.
 

Answer Stats

Answer% Correct
96%
75%
69%
65%
57%
52%
45%
36%
34%

Score Distribution

Percentile by Number Answered

Percent of People with Each Score

Your Score History

You have not taken this quiz